Ciudades de Chile por su lema - Estadísticas

Estadísticas generales
  • Esta prueba ha sido intentada 79 veces
  • La puntuación promedio es 7 de 20
Estadísticas de respuestas
Lema Ciudad % Correcto
"La Joya del Pacífico" Valparaíso
89%
"Ciudad Jardín" Viña del Mar
68%
"Más allá del fin del mundo" Puerto Williams
65%
"Tierra de Sol y Cobre" Calama
59%
"La Perla del Norte" Antofagasta
58%
"Ciudad de la Eterna Primavera" Arica
45%
"Capital ganadera del sur de Chile" Osorno
44%
"Ciudad Heroica" Iquique
39%
"La ciudad del eterno invierno" Puerto Montt
34%
"La Perla del Maule" Constitución
32%
"Tierra de Héroes y Artistas" Chillán
31%
"Ciudad de Héroes" Rancagua
31%
"Capital chilena del turismo de aventura" Pucón
24%
"Capital Folclórica de Chile" Olmué
21%
"Capital arqueológica de Chile" San Pedro de Atacama
20%
"La muy Noble y muy Leal; Santa María la Blanca de _____" Valdivia
15%
"Provehit Soli Leo" Talca
13%
"Ciudad de los Molinos" Villa Alemana
8%
"La mvy noble y leal civdad de ______" Castro
3%
"Labor omnia vincit improbus" Punta Arenas
3%
No se encontraron pruebas coincidentes
Distribución de puntuación
Porcentaje de gente con cada puntuación
Porcentaje por número respondido
Historial de tus puntuaciones
No has intentado esta prueba.